00832nam a2200193 u 450000500170000000800450001704000270006204100080008904400070009708200180010410000250012224501220014726000810026930001110035065000600046165000600052165000270058170000300060820200104041743.0160505b2011 it ado r |||| 00eng upa d aCO-BoIAVH cCO-BoIAVH 0 aeng ait04a306.349bK82g1 aKoohafkan, P.eautor10aGlobally important agricultural heritage systems : bA legacy for the future / cParviz Koohafkan y Miguel A. Altieri aRoma (Italia) :bFood and Agriculture Organization of United Nations,c2011. a41 páginas :bilustraciones a color, tablas, gráficas y fotografías a color :c25 x 17 centímetros16aSistemas de explotaciónxservicios de los ecosistemas26aSistemas agropascícolasxservicios de los ecosistemas26aAgricultura sostenible1 aAltieri, Miguel A.eautor